Central Library OPAC University of Rajshahi

Macroeconomics : (Record no. 2094)

MARC details
000 -LEADER
fixed length control field 00900cam a2200289 4500
001 - CONTROL NUMBER
control field 2094
003 - CONTROL NUMBER IDENTIFIER
rucl marc code BD-RjUL
005 - DATE AND TIME OF LATEST TRANSACTION
control field 20211208233500.0
008 - FIXED-LENGTH DATA ELEMENTS--GENERAL INFORMATION
fixed length control field 160616s19641963ilua b 001 0 eng
035 ## - SYSTEM CONTROL NUMBER
System control number (BD-RjUL)2121
040 ## - CATALOGING SOURCE
Original cataloging agency DLC
Transcribing agency DLC
Modifying agency DLC
Language of cataloging eng
041 ## - LANGUAGE CODE
Language code of text/sound track or separate title eng
082 00 - DEWEY DECIMAL CLASSIFICATION NUMBER
Classification number 339
Edition number 19
Author mark and year LEM 1964
100 1# - MAIN ENTRY--PERSONAL NAME
Personal name Lee, Maurice W.
Fuller form of name (Maurice Wentworth),
Dates associated with a name 1912-
9 (RLIN) 6861
245 10 - TITLE STATEMENT
Title Macroeconomics :
Remainder of title fluctuations, growth and stability /
Statement of responsibility, etc. Maurice W. Lee
250 ## - EDITION STATEMENT
Edition statement 3d ed.
260 ## - PUBLICATION, DISTRIBUTION, ETC. (IMPRINT)
Place of publication, distribution, etc. Homewood, Ill :
Name of publisher, distributor, etc. R. D. Irwin,
Date of publication, distribution, etc. 1963 [reprint 1964]
300 ## - PHYSICAL DESCRIPTION
Pagination 646 p. :
Illustrations ill. ;
Size 24 cm.
490 0# - SERIES STATEMENT
Series statement Irwin series in economics
500 ## - GENERAL NOTE
General note Previous editions published under title: Economic fluctuations.
504 ## - BIBLIOGRAPHY, ETC. NOTE
Bibliography, etc Includes bibliography.
526 ## - STUDY PROGRAM INFORMATION NOTE
Requested Dept. Economics
650 #0 - SUBJECT ADDED ENTRY--TOPICAL TERM
Topical term or geographic name as entry element Business cycles.
9 (RLIN) 5933
942 ## - ADDED ENTRY ELEMENTS (KOHA)
Source of classification or shelving scheme Dewey Decimal Classification
Koha item type Books
Holdings
Lost status Source of classification or shelving scheme Damaged status Not for loan Collection code Permanent Location Current Location Shelving location Date acquired Source of acquisition Cost, normal purchase price Total Checkouts Full call number Date last seen Copy number Koha item type
  Dewey Decimal Classification     Non-fiction Central Library, University of Rajshahi Central Library, University of Rajshahi   11/11/1965 ZEITLINGER 68.00   339 LEM 1964 10/12/2013 C-2 Books
  Dewey Decimal Classification     Non-fiction Central Library, University of Rajshahi Central Library, University of Rajshahi   11/11/1965 Zeithlinger 68.00   339 LEM 1964 16/06/2016 C-3 Books